Landen met een letter - J - Statistieken

Algemene statistieken
  • Deze quiz is 174 keer genomen
  • De gemiddelde score is 16 van 22
Antwoordstatistieken
Categorie Land % Correct
1 x J Japan
95%
1 x J Jemen
93%
1 x J Jordanië
88%
1 x J Bulgarije
81%
1 x J Jamaica
81%
1 x J IJsland
79%
1 x J Tadzjikistan
79%
1 x J Algerije
74%
1 x J Hongarije
74%
1 x J Slowakije
72%
1 x J Azerbeidzjan
70%
1 x J Turkije
70%
1 x J Filipijnen
67%
1 x J Frankrijk
67%
1 x J Verenigd Koninkrijk
67%
1 x J Spanje
65%
1 x J Fiji
63%
1 x J Tsjechië
63%
1 x J Oostenrijk
60%
1 x J Djibouti
56%
1 x J Tsjaad
56%
1 x J Cambodja
51%
Geen overeenkomende quizzen gevonden
Scoreverdeling
Procent van Mensen met Elke Score
Percentiel versus Aantal Correcte Antwoorden
Uw Scoregeschiedenis
U heeft deze quiz nog niet genomen